<?xml version="1.0" encoding="UTF-8"?>
<record
    xmlns:xsi="http://www.w3.org/2001/XMLSchema-instance"
    xsi:schemaLocation="http://www.loc.gov/MARC21/slim http://www.loc.gov/standards/marcxml/schema/MARC21slim.xsd"
    xmlns="http://www.loc.gov/MARC21/slim">

  <leader>02394naa a2200397Ia 4500</leader>
  <controlfield tag="003">OSt</controlfield>
  <controlfield tag="005">20260601145223.0</controlfield>
  <controlfield tag="008">260601s2002    xx            000 0 und d</controlfield>
  <datafield tag="040" ind1=" " ind2=" ">
    <subfield code="b">tagalog</subfield>
    <subfield code="c">Foundation University</subfield>
    <subfield code="a">Foundation University</subfield>
    <subfield code="e">rda</subfield>
  </datafield>
  <datafield tag="050" ind1=" " ind2=" ">
    <subfield code="a">CoE (SeFil-Th) LG 221 D35 E38</subfield>
    <subfield code="b">A5 S43 F55 2012 B43</subfield>
  </datafield>
  <datafield tag="099" ind1=" " ind2=" ">
    <subfield code="a">1180</subfield>
  </datafield>
  <datafield tag="100" ind1=" " ind2=" ">
    <subfield code="a">Beatingo, Edmar,</subfield>
    <subfield code="9">2388</subfield>
    <subfield code="e">author.</subfield>
  </datafield>
  <datafield tag="245" ind1="1" ind2="0">
    <subfield code="a">Ang sarbey ukol sa epekto ng pagkakaroon ng nobyo/nobya kaugnay sa performans ng mga estudyante sa Unibersidad ng Foundation /</subfield>
    <subfield code="c">by Edmar Beatingo, Jethro Genel, Roy Ann Miguel Batula, Emmanuel Nuay, Dexter Merced, and Remjun Delos Reyes.</subfield>
  </datafield>
  <datafield tag="264" ind1=" " ind2=" ">
    <subfield code="a">Dumaguete City :</subfield>
    <subfield code="b">Foundation Uiniversity, </subfield>
    <subfield code="c">2012.</subfield>
    <subfield code="4">2012.</subfield>
  </datafield>
  <datafield tag="300" ind1=" " ind2=" ">
    <subfield code="a">72 leaves :</subfield>
    <subfield code="b">ill. (some color) ;</subfield>
    <subfield code="c">28 cm.</subfield>
    <subfield code="3">thesis</subfield>
    <subfield code="f">leaves</subfield>
  </datafield>
  <datafield tag="336" ind1=" " ind2=" ">
    <subfield code="2">rdacontent</subfield>
    <subfield code="a">text</subfield>
    <subfield code="b">txt</subfield>
  </datafield>
  <datafield tag="337" ind1=" " ind2=" ">
    <subfield code="2">rdamedia</subfield>
    <subfield code="a">unmediated</subfield>
    <subfield code="b">n</subfield>
  </datafield>
  <datafield tag="338" ind1=" " ind2=" ">
    <subfield code="3">CoE-SeFil-Th)</subfield>
    <subfield code="a">volume</subfield>
    <subfield code="b">nc</subfield>
    <subfield code="2">rdacarrier</subfield>
  </datafield>
  <datafield tag="490" ind1=" " ind2=" ">
    <subfield code="a">CoE-SeFil-Th)</subfield>
  </datafield>
  <datafield tag="502" ind1=" " ind2=" ">
    <subfield code="a">Undergraduate thesis (BS in Secondary Education major in Filipino) -- Foundation University, 2012.</subfield>
  </datafield>
  <datafield tag="504" ind1=" " ind2=" ">
    <subfield code="a">Includes bibliographical references  and appendices.</subfield>
  </datafield>
  <datafield tag="520" ind1=" " ind2=" ">
    <subfield code="a">Sinuri sa pag-aaral na ito ang epekto ng pagkakaroon ng nobyo o nobya sa performans akademiko ng mga estudyante sa Foundation University. Tinalakay nito ang kaugnayan ng romantikong relasyon sa pag-aaral, oras ng pag-aaral, motibasyon, pagdalo sa klase, at pangkalahatang akademikong pagganap ng mga mag-aaral. Layunin din ng pag-aaral na matukoy kung may positibo o negatibong impluwensiya ang pagkakaroon ng kasintahan sa kanilang pag-aaral at pag-unlad bilang estudyante.</subfield>
  </datafield>
  <datafield tag="650" ind1=" " ind2=" ">
    <subfield code="a">College students</subfield>
    <subfield code="x">Social conditions.</subfield>
    <subfield code="9">16860</subfield>
  </datafield>
  <datafield tag="650" ind1=" " ind2=" ">
    <subfield code="a">Academic achievement.</subfield>
    <subfield code="9">15924</subfield>
  </datafield>
  <datafield tag="650" ind1=" " ind2=" ">
    <subfield code="a">Interpersonal relations.</subfield>
    <subfield code="9">7042</subfield>
  </datafield>
  <datafield tag="650" ind1=" " ind2=" ">
    <subfield code="a">Love among students. </subfield>
    <subfield code="9">16914</subfield>
  </datafield>
  <datafield tag="650" ind1=" " ind2=" ">
    <subfield code="a">Student adjustment. </subfield>
    <subfield code="9">16861</subfield>
  </datafield>
  <datafield tag="651" ind1=" " ind2=" ">
    <subfield code="2">College students</subfield>
    <subfield code="x">Attitudes.</subfield>
    <subfield code="9">16915</subfield>
  </datafield>
  <datafield tag="658" ind1=" " ind2=" ">
    <subfield code="a">Research II in the Major Areas</subfield>
    <subfield code="b">Secondary Education major in Filipino, Bachelor of Science in ;</subfield>
    <subfield code="c">EDU 115</subfield>
  </datafield>
  <datafield tag="700" ind1=" " ind2=" ">
    <subfield code="a">Genel, Jethro,</subfield>
    <subfield code="e">author. </subfield>
    <subfield code="9">16916</subfield>
  </datafield>
  <datafield tag="700" ind1=" " ind2=" ">
    <subfield code="a">Batula, Roy Ann Miguel,</subfield>
    <subfield code="e">author. </subfield>
    <subfield code="9">2050</subfield>
  </datafield>
  <datafield tag="700" ind1=" " ind2=" ">
    <subfield code="a">Nuay, Emmanuel,</subfield>
    <subfield code="e">author. </subfield>
    <subfield code="9">16917</subfield>
  </datafield>
  <datafield tag="700" ind1=" " ind2=" ">
    <subfield code="a">Merced, Dexter,</subfield>
    <subfield code="e">author. </subfield>
    <subfield code="9">16918</subfield>
  </datafield>
  <datafield tag="700" ind1=" " ind2=" ">
    <subfield code="a">Delos Reyes, Remjun</subfield>
    <subfield code="e">author. </subfield>
    <subfield code="9">16919</subfield>
  </datafield>
  <datafield tag="942" ind1=" " ind2=" ">
    <subfield code="2">lcc</subfield>
    <subfield code="c">TH</subfield>
    <subfield code="h"> LG 221 D35 E38</subfield>
    <subfield code="i">A5 S43 F55 2012 B43</subfield>
    <subfield code="k">CoE (SeFil-Th) </subfield>
  </datafield>
  <datafield tag="999" ind1=" " ind2=" ">
    <subfield code="c">6205</subfield>
    <subfield code="d">6205</subfield>
  </datafield>
  <datafield tag="952" ind1=" " ind2=" ">
    <subfield code="0">0</subfield>
    <subfield code="1">0</subfield>
    <subfield code="2">lcc</subfield>
    <subfield code="4">0</subfield>
    <subfield code="7">0</subfield>
    <subfield code="a">FOUNDATION</subfield>
    <subfield code="b">FOUNDATION</subfield>
    <subfield code="c">MAIN-UGThe</subfield>
    <subfield code="d">2026-06-01</subfield>
    <subfield code="e">Donated</subfield>
    <subfield code="l">0</subfield>
    <subfield code="o">CoE (SeFil-Th) LG 221 D35 E38 A5 S43 F55 2012 B43</subfield>
    <subfield code="p">0172026005001</subfield>
    <subfield code="r">2026-06-01 14:52:00</subfield>
    <subfield code="w">2026-06-01</subfield>
    <subfield code="y">TH</subfield>
    <subfield code="k">SeFil-Th-2026008</subfield>
  </datafield>
</record>
